| 000 | 00392nam a22001217a 4500 | ||
|---|---|---|---|
| 040 | _cNUST | ||
| 082 |
_221st _a355.009 _bOXF |
||
| 100 |
_aTownshend , Charles _974517 |
||
| 245 |
_aThe Oxford History of MODREN WAR / _cCharles Townshend |
||
| 260 |
_aRawalpindi: _bArmy Education Publishing House GHQ, _c2008. |
||
| 300 |
_aiv, 406 p. : _c23 cm . |
||
| 942 |
_2ddc _cBK _h355.009 |
||
| 999 |
_c614029 _d614029 |
||